Panduan lengkap dan mudah untuk pembahagian harta pusaka

Bibliographic Details
Main Author: M. Sanusi (Author)
Other Authors: Muhammad Sabri Sahrir (Editor), Nur Thairah Syamsuddin (Translator)
Format: Book
Language:Malay
Published: Batu Caves, Selangor : Al-Hidayah House of Publishers , c2014
Subjects:

MARC

LEADER 00000cam a2200000 7i4500
001 0000086310
005 20210511093000.0
008 140408s2014 my may
020 |a 9789670465814 
050 0 0 |a d40 KBP632   |b S26 2014 
090 0 0 |a d40 KBP632   |b S26 2014 
100 0 |a M. Sanusi ,   |e author 
245 1 0 |a Panduan lengkap dan mudah untuk pembahagian harta pusaka   |c M. Sanusi, alih bahasa: Nur Thairah Syamsuddin, disemak oleh: Dr. Muhammad Sabri Sahrir 
260 |a Batu Caves, Selangor :   |b Al-Hidayah House of Publishers ,   |c c2014 
300 |a 234 p. :   |b ill. ;   |c 20 cm. 
504 |a Includes bibliographical references (p. 233-234) 
505 0 |a 1. Manfaat mengetahui tatacara pembahagian harta warisan sesuai dengan syariat Islam -- 2. Beberapa hal yang harus diketahui tentang ilmu pusaka -- 3. Ciri-ciri dan tingkatan ahli waris, serta persoalan hijab-mahjub -- 4. Cara mudah membahagikan harta warisan 
650 0 |a Inheritance and succession (Islamic law) 
700 0 |a Muhammad Sabri Sahrir ,   |e editor 
700 0 |a Nur Thairah Syamsuddin ,   |e translator 
999 |a 1000161583   |b Book   |c OPEN SHELF (30 DAYS)   |e Gong Badak Campus